000 00324nam a22001337a 4500
008 210304b ||||| |||| 00| 0 eng d
020 _a9781269358668
041 _aeng
080 _22nd
_a510
100 _a36
101 _aMAT
245 _aCollege Algebra with Modeling & Visualization
_cRockswold,K.R
942 _2udc
_cBK
999 _c55757
_d55757